| 000 | 00564nam a2200145 a 4500 | ||
|---|---|---|---|
| 001 | 000031551 | ||
| 005 | 20200930063017.0 | ||
| 008 | 110627s1981 dr 000 0 spa d | ||
| 040 |
_aDO-SdBNP _bspa _cBNPHU |
||
| 110 | 1 |
_aRepública Dominicana _bHermandad de Pensionados de las Fuerzas Armadas y de la Policia Nacional _957910 |
|
| 245 | 1 | 0 | _aEstatutos de la hermandad de pensionados de las Fuerzas Armadas y de la Policia Nacional, con sus modificaciones. |
| 260 |
_aSanto Domingo : _bHermandad de Pensionados, _c1981. |
||
| 300 |
_a16 P. ; _c22 cm. |
||
| 049 | _aBNPD | ||
| 999 |
_c31043 _d31043 |
||